[Event "8th HD Bank Cup 2018"]
[Site "Hanoi VIE"]
[Date "2018.03.10"]
[Round "2.35"]
[White "Liu, Zhaoqi"]
[Black "Akshat, Khamparia"]
[Result "0-1"]
[BlackTitle "IM"]
[WhiteElo "2133"]
[BlackElo "2408"]
[WhiteFideId "8609381"]
[BlackFideId "5016541"]
[EventDate "2018.03.10"]

1. c4 Nf6 2. Nc3 e6 3. d4 Bb4 4. f3 c5 5. d5 d6 6. e4 b5 7. Bd3 bxc4 8. Bxc4 O-O
9. Ne2 Ba6 10. Bxa6 Nxa6 11. O-O exd5 12. exd5 Re8 13. Qd3 Nc7 14. g4 0-1

[Event "8th HD Bank Cup 2018"]
[Site "Hanoi VIE"]
[Date "2018.03.10"]
[Round "2.36"]
[White "Vogt, Lothar"]
[Black "Nguyen, Phuoc Tam"]
[Result "1/2-1/2"]
[WhiteTitle "GM"]
[WhiteElo "2402"]
[BlackElo "2169"]
[WhiteFideId "4611292"]
[BlackFideId "12402109"]
[EventDate "2018.03.10"]

1. e4 g6 2. d4 Bg7 3. Nc3 d6 4. g3 Nd7 5. Bg2 c5 6. d5 Rb8 7. a4 a6 8. a5 b5 9.
axb6 Nxb6 10. Nge2 Nf6 11. O-O O-O 12. Bf4 Nh5 13. Bc1 Nf6 14. Qd3 Ne8 15. Bf4
Nc7 16. Ra2 Nb5 17. Nxb5 c4 18. Qd2 axb5 19. Bh6 Bd7 20. Bxg7 Kxg7 21. Rfa1 Qc7
22. Ra7 Rb7 23. Rxb7 Qxb7 24. e5 Ra8 25. Rxa8 Qxa8 26. exd6 exd6 1/2-1/2

[Event "8th HD Bank Cup 2018"]
[Site "Hanoi VIE"]
[Date "2018.03.10"]
[Round "2.37"]
[White "Shyaamnikhil, P"]
[Black "Kulkarni, Vinayak"]
[Result "1-0"]
[WhiteTitle "IM"]
[WhiteElo "2394"]
[BlackElo "2161"]
[WhiteFideId "5024218"]
[BlackFideId "5021332"]
[EventDate "2018.03.10"]

1. Nf3 c5 2. b3 b6 3. e4 Bb7 4. d3 e6 5. Bb2 Nf6 6. e5 Nd5 7. g3 Be7 8. Bg2 Nc7
9. Nbd2 O-O 10. O-O Nc6 11. d4 Nxd4 12. Nxd4 Bxg2 13. Kxg2 cxd4 14. Ne4 f5 15.
exf6 Bxf6 16. Nxf6+ Qxf6 17. Qxd4 Qxd4 18. Bxd4 Rac8 19. c4 d5 20. Rac1 Na6 21.
cxd5 exd5 22. Rfe1 Rxc1 23. Rxc1 Re8 24. a3 Kf7 25. b4 Re4 26. Ba1 Re7 27. Rc8
Nc7 28. Rd8 Ke6 29. f4 Nb5 30. a4 Nc7 31. b5 a6 32. Rb8 axb5 33. Rxb6+ Kd7 34.
axb5 Re2+ 35. Kf3 Rxh2 36. Bxg7 Rd2 37. Be5 Ne6 38. Rb7+ Ke8 39. b6 Rd3+ 40. Kg4 1-0

[Event "8th HD Bank Cup 2018"]
[Site "Hanoi VIE"]
[Date "2018.03.10"]
[Round "2.38"]
[White "Doan, Van Duc"]
[Black "Pham, Chuong"]
[Result "0-1"]
[BlackTitle "IM"]
[WhiteElo "2112"]
[BlackElo "2393"]
[WhiteFideId "12400335"]
[BlackFideId "12401218"]
[EventDate "2018.03.10"]

1. e4 c5 2. Nf3 Nc6 3. Bc4 g6 4. O-O Bg7 5. d3 e6 6. c3 Nge7 7. Re1 O-O 8. Nbd2
b6 9. Bb3 Bb7 10. e5 d6 11. exd6 Qxd6 12. Ne4 Qc7 13. Bg5 Kh8 14. Qd2 Ng8 15. d4
cxd4 16. Nxd4 a6 17. Nxc6 Bxc6 18. Bh4 h6 19. f3 f5 20. Bg3 e5 21. Qd6 Qb7 22.
Bxg8 fxe4 23. Bb3 exf3 24. Qxg6 Rf6 25. Qc2 Raf8 26. gxf3 Rxf3 27. Rf1 Qe7 28.
Rxf3 Bxf3 29. Qf2 b5 30. Re1 e4 31. Bc2 Qd7 32. Rf1 Qh3 33. Re1 a5 34. Qf1 Qd7
35. Re3 b4 36. Qe1 bxc3 37. bxc3 Qh3 38. Qd2 Bh1 39. Qe2 Bf3 40. Qd2 h5 0-1

[Event "8th HD Bank Cup 2018"]
[Site "Hanoi VIE"]
[Date "2018.03.10"]
[Round "2.39"]
[White "Pratyusha, Bodda"]
[Black "Sammed Jaykumar, Shete"]
[Result "1/2-1/2"]
[WhiteTitle "WIM"]
[WhiteElo "2164"]
[BlackElo "2382"]
[WhiteFideId "5000629"]
[BlackFideId "5073421"]
[EventDate "2018.03.10"]

1. d4 Nf6 2. Nf3 g6 3. Bg5 Bg7 4. Nbd2 O-O 5. c3 d5 6. e3 Nbd7 7. Be2 c5 8. O-O
h6 9. Bh4 b6 10. a4 Bb7 11. b4 Ne4 12. Nxe4 dxe4 13. Nd2 cxb4 14. cxb4 g5 15.
Bg3 e5 16. Nb3 Qe7 1/2-1/2

[Event "8th HD Bank Cup 2018"]
[Site "Hanoi VIE"]
[Date "2018.03.10"]
[Round "2.42"]
[White "Piasetski, Leon"]
[Black "Sethuraman, S.P."]
[Result "1-0"]
[WhiteTitle "IM"]
[BlackTitle "GM"]
[WhiteElo "2258"]
[BlackElo "2649"]
[WhiteFideId "2600072"]
[BlackFideId "5021596"]
[EventDate "2018.03.10"]

1. Nf3 c5 2. c4 Nf6 3. Nc3 d5 4. cxd5 Nxd5 5. e3 Nc6 6. Bb5 Nxc3 7. bxc3 Bd7 8.
O-O e6 9. d4 Bd6 10. Ba3 Qc7 11. Nd2 a6 12. Bd3 cxd4 13. Bxd6 Qxd6 14. cxd4 Nb4
15. Ne4 Qe7 1-0

[Event "8th HD Bank Cup 2018"]
[Site "Hanoi VIE"]
[Date "2018.03.10"]
[Round "2.43"]
[White "Dixit, Nikhil"]
[Black "Vishnu Prasanna, V"]
[Result "1/2-1/2"]
[BlackTitle "GM"]
[WhiteElo "2251"]
[BlackElo "2526"]
[WhiteFideId "5059534"]
[BlackFideId "5030692"]
[EventDate "2018.03.10"]

1. e4 c5 2. Nf3 Nc6 3. Bb5 e5 4. O-O Bd6 5. c3 a6 6. Ba4 b5 7. Bc2 Bb7 8. Re1
Nge7 9. d4 cxd4 10. cxd4 Nxd4 11. Nxd4 exd4 12. e5 Bc5 13. Nd2 Qb6 14. Ne4 Bxe4
15. Bxe4 Rc8 16. Qd3 d5 17. exd6 Bxd6 18. Bg5 h6 19. Qh3 Rc5 20. Bf3 O-O 21.
Bxe7 Bxe7 22. Rxe7 1/2-1/2

[Event "8th HD Bank Cup 2018"]
[Site "Hanoi VIE"]
[Date "2018.03.10"]
[Round "2.44"]
[White "Swati, Ghate"]
[Black "Nguyen, Anh Dung"]
[Result "0-1"]
[WhiteTitle "WGM"]
[BlackTitle "GM"]
[WhiteElo "2249"]
[BlackElo "2491"]
[WhiteFideId "5003474"]
[BlackFideId "12400025"]
[EventDate "2018.03.10"]

1. e4 c5 2. Nf3 e6 3. d4 cxd4 4. Nxd4 a6 5. Be2 Nf6 6. Nc3 Qc7 7. O-O d6 8. f4
b5 9. e5 dxe5 10. fxe5 Nfd7 11. Bf3 Bb7 12. Bf4 Nc6 13. Nxc6 Bxc6 14. Ne4 Be7
15. Kh1 Bxe4 16. Bxe4 Rd8 17. Qg4 g6 18. Rae1 O-O 19. Bd3 Rfe8 20. Re3 Nc5 21.
Bh6 Rd5 22. Ref3 Bf8 23. Bf4 Bg7 24. Qh4 Re7 25. Rh3 h5 26. Be2 Bxe5 27. Bxh5
Bxf4 28. Bf3 Be5 29. Bxd5 exd5 30. Qh7+ Kf8 31. Qxg6 Re6 32. Qg4 Bf6 33. c3 Ne4 0-1

[Event "8th HD Bank Cup 2018"]
[Site "Hanoi VIE"]
[Date "2018.03.10"]
[Round "2.45"]
[White "Emperado, Emmanuel"]
[Black "Raja, Harshit"]
[Result "0-1"]
[BlackTitle "IM"]
[WhiteElo "2232"]
[BlackElo "2444"]
[WhiteFideId "5209960"]
[BlackFideId "5089000"]
[EventDate "2018.03.10"]

1. c3 d5 2. d4 Nf6 3. Nf3 e6 4. Bf4 c5 5. e3 Bd6 6. Bg3 O-O 7. Nbd2 Qc7 8. Ne5
b6 9. Bd3 Nc6 10. f4 Ne7 11. Bf2 a5 12. Qe2 Bb7 13. O-O Ne4 14. Nxe4 dxe4 15.
Bb5 Nd5 16. a3 f5 17. Bh4 Nf6 18. h3 Rac8 19. Rf2 cxd4 20. cxd4 Bxe5 21. fxe5
Nd5 22. Raf1 h6 23. Bg3 g5 24. Kh2 Rf7 25. Qh5 Qe7 26. Re2 Kg7 27. Kh1 Nc7 28.
Bc4 b5 29. Bb3 Bd5 30. Bxd5 Nxd5 31. Be1 Rc1 32. Kg1 Qc7 33. Bd2 Rxf1+ 34. Kxf1
Qc2 35. h4 Qd1+ 36. Kf2 g4 0-1

[Event "8th HD Bank Cup 2018"]
[Site "Hanoi VIE"]
[Date "2018.03.10"]
[Round "2.46"]
[White "Czebe, Attila"]
[Black "Yee, Soon Wei"]
[Result "1-0"]
[WhiteTitle "GM"]
[BlackTitle "FM"]
[WhiteElo "2436"]
[BlackElo "2263"]
[WhiteFideId "705268"]
[BlackFideId "10500553"]
[EventDate "2018.03.10"]

1. Nf3 Nf6 2. b3 g6 3. Bb2 Bg7 4. g3 O-O 5. Bg2 d5 6. O-O c5 7. d4 Ne4 8. Qc1
Nc6 9. dxc5 Nxc5 10. Bxg7 Kxg7 11. Rd1 e6 12. c4 Qf6 13. cxd5 exd5 14. Nc3 Be6
15. Nxd5 Bxd5 16. Qxc5 Rad8 17. Rac1 Bxf3 18. Bxf3 Nd4 19. Kg2 b6 20. Qc7 Rd6
21. Qxa7 h5 22. h4 Re8 23. Rd3 Re5 24. Rcd1 Rf5 25. Qa4 b5 26. Qb4 1-0

[Event "8th HD Bank Cup 2018"]
[Site "Hanoi VIE"]
[Date "2018.03.10"]
[Round "2.47"]
[White "Kulkarni, Chinmay"]
[Black "Rathnakaran, K."]
[Result "1/2-1/2"]
[BlackTitle "IM"]
[WhiteElo "2215"]
[BlackElo "2395"]
[WhiteFideId "5023513"]
[BlackFideId "5005507"]
[EventDate "2018.03.10"]

1. e4 c5 2. Nf3 e6 3. d4 cxd4 4. Nxd4 Nc6 5. Nc3 Qc7 6. f4 a6 7. Nxc6 bxc6 8.
Bd3 d5 9. O-O Nf6 10. Qe2 h5 11. e5 Ng4 12. Kh1 g6 13. Bd2 Bb7 14. Na4 c5 15. c4
d4 16. Be4 Bxe4 17. Qxe4 Rd8 18. Ba5 Qxa5 19. Qc6+ Ke7 20. Nxc5 Ne3 21. b4 Qa3
22. Qc7+ Ke8 23. Qc6+ Ke7 24. Nb7 Nxf1 25. Qc7+ Rd7 26. Qc5+ Ke8 27. Qc8+ 1/2-1/2

[Event "8th HD Bank Cup 2018"]
[Site "Hanoi VIE"]
[Date "2018.03.10"]
[Round "2.48"]
[White "Zhang, Ziji"]
[Black "Moksh, Amit Doshi"]
[Result "1/2-1/2"]
[WhiteElo "2374"]
[BlackElo "2256"]
[WhiteFideId "8609470"]
[BlackFideId "25064967"]
[EventDate "2018.03.10"]

1. d4 Nf6 2. c4 e6 3. Nc3 Bb4 4. Nf3 O-O 5. e3 d5 6. Bd3 c5 7. O-O cxd4 8. exd4
dxc4 9. Bxc4 b6 10. Qe2 Bb7 11. Rd1 Bxc3 12. bxc3 Nbd7 13. Bd3 Qc7 14. c4 Rac8
15. Bb2 Rfe8 16. Ne5 Nxe5 17. dxe5 Qc6 18. f3 Nd7 19. Bxh7+ Kxh7 20. Qd3+ Kg8
21. Qxd7 Re7 22. Qxc6 Bxc6 23. a4 Bb7 24. a5 Rxc4 1/2-1/2

[Event "8th HD Bank Cup 2018"]
[Site "Hanoi VIE"]
[Date "2018.03.10"]
[Round "2.49"]
[White "Xu, Zhihang"]
[Black "Mithil, Ajgaonkar"]
[Result "0-1"]
[WhiteTitle "FM"]
[WhiteElo "2364"]
[BlackElo "2222"]
[WhiteFideId "8611572"]
[BlackFideId "5017343"]
[EventDate "2018.03.10"]

1. Nf3 d5 2. c4 c6 3. d4 Nf6 4. e3 e6 5. Nbd2 Nbd7 6. Bd3 Be7 7. O-O O-O 8. e4
dxe4 9. Nxe4 b6 10. Bf4 c5 11. dxc5 Nxc5 12. Nxc5 Bxc5 13. Qe2 h6 14. Rad1 Qe7
15. Ne5 Bb7 16. b3 Rad8 17. Bg3 Rfe8 18. Bc2 Ba8 19. Rxd8 Rxd8 20. Rd1 Rxd1+ 21.
Qxd1 Ne4 22. Qf3 Qb7 23. Bh4 Nc3 24. Qxb7 Bxb7 25. a4 g5 26. Bg3 f5 27. h4 Bd6
28. Bh2 Ne2+ 29. Kf1 Nd4 30. Bd1 gxh4 31. Nc6 Bxh2 32. Nxd4 Kf7 33. Bf3 Bc8 34.
Nc6 a5 35. c5 Bc7 36. cxb6 Bxb6 37. Be2 Bb7 0-1

[Event "8th HD Bank Cup 2018"]
[Site "Hanoi VIE"]
[Date "2018.03.10"]
[Round "2.50"]
[White "Pham, Le Thao Nguyen"]
[Black "Manush, Shah"]
[Result "1/2-1/2"]
[WhiteTitle "IM"]
[WhiteElo "2354"]
[BlackElo "2202"]
[WhiteFideId "12401226"]
[BlackFideId "5040680"]
[EventDate "2018.03.10"]

1. d4 d5 2. Nf3 Nf6 3. Bf4 c5 4. e3 Nc6 5. Nbd2 e6 6. c3 Be7 7. Bd3 Nh5 8. Bg3
Nxg3 9. hxg3 h6 10. Qe2 Qb6 11. Rb1 cxd4 12. exd4 Bd7 13. Qe3 Bf6 14. Nb3 O-O-O
15. Nc5 e5 16. dxe5 Bxe5 17. O-O Bd6 18. Nxd7 Qxe3 19. fxe3 Kxd7 20. Nd4 Ne5 21.
Be2 g6 22. g4 1/2-1/2

[Event "8th HD Bank Cup 2018"]
[Site "Hanoi VIE"]
[Date "2018.03.10"]
[Round "2.51"]
[White "Quizon, Daniel"]
[Black "Gu, Xiaobing"]
[Result "1-0"]
[BlackTitle "WGM"]
[WhiteElo "2204"]
[BlackElo "2354"]
[WhiteFideId "5217911"]
[BlackFideId "8602611"]
[EventDate "2018.03.10"]

1. e4 c5 2. Nc3 a6 3. g3 b5 4. Bg2 Bb7 5. d3 d6 6. Nge2 g6 7. O-O Bg7 8. f4 Nc6
9. a4 Nd4 10. Be3 e6 11. Rb1 Ne7 12. b4 Qc7 13. Qd2 O-O 14. bxc5 dxc5 15. e5
Bxg2 16. Kxg2 Rfd8 17. Ne4 Nef5 18. Bf2 h5 19. c3 Nxe2 20. Qxe2 c4 21. dxc4 Qxc4
22. Qxc4 bxc4 23. Rb7 Bf8 1-0

[Event "8th HD Bank Cup 2018"]
[Site "Hanoi VIE"]
[Date "2018.03.10"]
[Round "2.52"]
[White "Luong, Phuong Hanh"]
[Black "Li, Ruofan"]
[Result "1-0"]
[WhiteTitle "WIM"]
[BlackTitle "IM"]
[WhiteElo "2192"]
[BlackElo "2351"]
[WhiteFideId "12401013"]
[BlackFideId "8600643"]
[EventDate "2018.03.10"]

1. d4 Nf6 2. Nf3 g6 3. g3 Bg7 4. Bg2 O-O 5. O-O d5 6. c4 dxc4 7. Na3 c3 8. bxc3
c5 9. Qb3 Nc6 10. Rd1 cxd4 11. cxd4 Na5 12. Qb2 Be6 13. Bf4 Nh5 14. Be5 f6 15.
d5 fxe5 16. dxe6 e4 17. Nd4 Qd5 18. Rab1 Rad8 19. Nac2 Bxd4 20. Nxd4 Nf6 21. h3
b6 22. Rbc1 Qe5 23. e3 Rd6 24. Qc2 a6 25. Bf1 Nd5 26. Bg2 Nf6 27. a4 b5 28. axb5
axb5 29. Qc7 Nc4 30. Qxe7 Nd5 31. Qh4 Ndxe3 32. fxe3 Nxe3 33. Rc7 Qh5 34. Qxh5
gxh5 35. e7 Re8 36. Re1 Nxg2 37. Rxe4 Ne3 38. Nxb5 Rd1+ 39. Kf2 Nf5 40. Re5 1-0

[Event "8th HD Bank Cup 2018"]
[Site "Hanoi VIE"]
[Date "2018.03.10"]
[Round "2.53"]
[White "Kunal, M."]
[Black "Le, Minh Hoang"]
[Result "1/2-1/2"]
[BlackTitle "CM"]
[WhiteElo "2340"]
[BlackElo "2184"]
[WhiteFideId "5018250"]
[BlackFideId "12404683"]
[EventDate "2018.03.10"]

1. e4 c6 2. d4 d5 3. e5 Bf5 4. h4 h5 5. Bd3 Bxd3 6. Qxd3 Qa5+ 7. Bd2 Qa6 8. e6
Qxd3 9. exf7+ Kxf7 10. cxd3 g6 11. Nf3 Bh6 12. Ne5+ Kg7 13. Rh3 Nf6 14. Rg3 Ng4
15. Nxg4 hxg4 16. Rxg4 Nd7 17. f4 Kf7 18. Rg3 Bg7 19. Rh3 Bxd4 20. Bc3 Bf6 21.
Bxf6 exf6 22. Nc3 Rae8+ 23. Kd2 f5 24. Ne2 Nf6 25. Nd4 Nh5 26. Rf1 Nf6 27. Nf3
Ng4 28. g3 Re7 29. Rhh1 Rhe8 30. h5 Re2+ 31. Kc3 c5 32. h6 b5 33. Ng5+ Kf6 34.
h7 Rh8 35. d4 Nf2 36. Rxf2 cxd4+ 37. Kxd4 Rxf2 38. Rc1 Kg7 39. Rc7+ Kh6 40. Rxa7
Rxb2 41. Kxd5 Rg2 42. Ke6 Rxg3 43. Kf6 Rf8+ 44. Rf7 Ra8 45. Rb7 Rf8+ 46. Rf7 Ra8
47. Ra7 Rf8+ 48. Rf7 1/2-1/2

[Event "8th HD Bank Cup 2018"]
[Site "Hanoi VIE"]
[Date "2018.03.10"]
[Round "2.54"]
[White "Setyaki, Azarya Jodi"]
[Black "Nguyen, Hoai Nam"]
[Result "1-0"]
[WhiteTitle "FM"]
[WhiteElo "2331"]
[BlackElo "2177"]
[WhiteFideId "7101589"]
[BlackFideId "12415880"]
[EventDate "2018.03.10"]

1. e4 c5 2. Nf3 Nc6 3. d4 cxd4 4. Nxd4 Nf6 5. Nc3 e5 6. Ndb5 d6 7. Bg5 a6 8. Na3
b5 9. Nd5 Be7 10. Bxf6 Bxf6 11. c3 O-O 12. Nc2 Rb8 13. a4 bxa4 14. Ncb4 Nxb4 15.
cxb4 Bb7 16. Rxa4 Bc6 17. Bxa6 Bxa4 18. Qxa4 Qe8 19. Qxe8 Rfxe8 20. Ke2 Bd8 21.
Rc1 f5 22. Kd3 Rf8 23. exf5 Rxf5 24. f3 Rh5 25. h3 Rxb4 26. Rc6 Rd4+ 27. Kc3 Kf8
28. Bc4 1-0

[Event "8th HD Bank Cup 2018"]
[Site "Hanoi VIE"]
[Date "2018.03.10"]
[Round "2.55"]
[White "Nguyen, Thi Mai Hung"]
[Black "Divya, Deshmukh"]
[Result "1/2-1/2"]
[WhiteTitle "WGM"]
[BlackTitle "WFM"]
[WhiteElo "2321"]
[BlackElo "2138"]
[WhiteFideId "12401676"]
[BlackFideId "35006916"]
[EventDate "2018.03.10"]

1. d4 d5 2. Nf3 c6 3. c4 e6 4. e3 f5 5. g4 fxg4 6. Ne5 Nf6 7. Nxg4 Bb4+ 8. Bd2
Bxd2+ 9. Nxd2 O-O 10. Rg1 Qe7 11. Ne5 Nbd7 12. Bd3 c5 13. Qc2 cxd4 14. exd4 dxc4
15. Ndxc4 Nb6 16. Nxb6 axb6 17. a3 Bd7 18. Rg3 Rac8 19. Qd2 Bc6 20. Qg5 Rc7 21.
Qh4 Be8 22. Rg5 g6 23. Kd2 Nd5 24. Rag1 Rf4 25. R1g4 1/2-1/2

[Event "8th HD Bank Cup 2018"]
[Site "Hanoi VIE"]
[Date "2018.03.10"]
[Round "2.56"]
[White "Kwon, Sehyun"]
[Black "Kathmale, Sameer"]
[Result "0-1"]
[WhiteTitle "CM"]
[BlackTitle "IM"]
[WhiteElo "2169"]
[BlackElo "2320"]
[WhiteFideId "13203088"]
[BlackFideId "5024498"]
[EventDate "2018.03.10"]

1. e4 c6 2. c4 d5 3. exd5 cxd5 4. cxd5 Nf6 5. Qa4+ Bd7 6. Qb3 Na6 7. Nc3 Nc5 8.
Qd1 g6 9. Nf3 Bg7 10. Bc4 O-O 11. O-O a6 12. d4 Nce4 13. Nxe4 Nxe4 14. Re1 Nd6
15. Be2 Bf5 16. Qb3 Be4 17. Bf4 Qa5 18. Bxd6 exd6 19. Qxb7 Rfb8 20. Qe7 Bxd5 21.
b3 Re8 22. Qg5 h6 23. Qd2 Qxd2 24. Nxd2 Bxd4 25. Rac1 Bb2 26. Rc2 Ba3 27. Nc4
Bb4 28. Rd1 Bxc4 29. Bxc4 0-1

[Event "8th HD Bank Cup 2018"]
[Site "Hanoi VIE"]
[Date "2018.03.10"]
[Round "2.57"]
[White "Gomes, Mary Ann"]
[Black "Pham, Xuan Dat"]
[Result "1-0"]
[WhiteTitle "WGM"]
[WhiteElo "2318"]
[BlackElo "2118"]
[WhiteFideId "5013623"]
[BlackFideId "12401307"]
[EventDate "2018.03.10"]

1. Nf3 Nf6 2. c4 g6 3. b3 Bg7 4. Bb2 O-O 5. g3 c5 6. Bg2 Nc6 7. Nc3 d6 8. O-O
Ne8 9. e3 Nc7 10. d4 Bg4 11. dxc5 dxc5 12. h3 Bf5 13. Ne1 Qe8 14. Qe2 Rd8 15.
Nd5 Na6 16. Bxg7 Kxg7 17. Qb2+ f6 18. g4 Be6 19. a3 g5 20. f4 h6 21. Nd3 Bxd5
22. cxd5 Na5 23. Qc3 Qb5 24. b4 cxb4 25. axb4 Nc4 26. fxg5 hxg5 1-0

[Event "8th HD Bank Cup 2018"]
[Site "Hanoi VIE"]
[Date "2018.03.10"]
[Round "2.58"]
[White "Vasilyev, Mikhail"]
[Black "Tokhirjonova, Gulrukhbegim"]
[Result "0-1"]
[WhiteTitle "IM"]
[BlackTitle "WGM"]
[WhiteElo "2141"]
[BlackElo "2318"]
[WhiteFideId "14101254"]
[BlackFideId "14203626"]
[EventDate "2018.03.10"]

1. e4 e5 2. Nf3 Nc6 3. Bb5 a6 4. Ba4 Nf6 5. O-O Be7 6. Re1 b5 7. Bb3 O-O 8. a4
b4 9. d4 d6 10. h3 Rb8 11. d5 Na5 12. Nbd2 c6 13. dxc6 Qc7 14. Ba2 Qxc6 15. Nf1
Be6 16. Bxe6 fxe6 17. Bg5 b3 18. c3 Nc4 19. Qe2 Bd8 20. Bxf6 Rxf6 21. Ne3 Nxe3
22. Qxe3 Bb6 23. Qd3 Bc5 24. a5 Rbf8 25. Re2 Rg6 26. Kh1 Rh6 27. Nh2 Rb8 28. Ng4
Rg6 29. Rd2 0-1

[Event "8th HD Bank Cup 2018"]
[Site "Hanoi VIE"]
[Date "2018.03.10"]
[Round "2.59"]
[White "Dang, Hoang Son"]
[Black "Samant, Aditya S"]
[Result "1/2-1/2"]
[WhiteTitle "FM"]
[WhiteElo "2317"]
[BlackElo "2107"]
[WhiteFideId "12402435"]
[BlackFideId "35080580"]
[EventDate "2018.03.10"]

1. d4 Nf6 2. c4 e6 3. Nf3 Bb4+ 4. Bd2 c5 5. Bxb4 cxb4 6. g3 O-O 7. Bg2 d6 8. O-O
Qc7 9. Nbd2 b6 10. e4 e5 11. Qb3 Bb7 12. d5 a5 13. Nh4 Na6 14. h3 Nc5 15. Qe3
Na4 16. b3 Nc3 17. a4 Nd7 18. Kh2 Qc5 19. Qd3 Qc7 20. f4 f6 21. Bf3 Bc8 22. Bg4
Nc5 23. Qf3 Bd7 24. Rae1 Rae8 25. f5 Rc8 26. Bh5 Nxb3 27. Nxb3 Qxc4 28. Nd2 Qd4
29. Qg2 Bxa4 30. g4 Bb5 31. Rg1 Ne2 32. Rxe2 Bxe2 33. Qxe2 Rc3 34. Nhf3 Qe3 35.
Qxe3 Rxe3 36. Kg2 Rc3 37. Rb1 Rfc8 38. Kf2 Kf8 39. Ne1 Rc1 40. Rb2 Ke7 41. g5
fxg5 42. Be2 R1c3 43. Bd3 h5 44. Ke2 g4 45. h4 R8c7 46. Nc2 R7c5 47. Ne3 Rc1 48.
Ndf1 1/2-1/2

[Event "8th HD Bank Cup 2018"]
[Site "Hanoi VIE"]
[Date "2018.03.10"]
[Round "2.60"]
[White "Vaingorten, Yaaqov"]
[Black "Vatsal, Singhania"]
[Result "0-1"]
[WhiteTitle "FM"]
[WhiteElo "2298"]
[BlackElo "2090"]
[WhiteFideId "2603918"]
[BlackFideId "25033972"]
[EventDate "2018.03.10"]

1. d4 Nf6 2. Bg5 d5 3. e3 Nbd7 4. c4 e6 5. Nc3 Be7 6. Nf3 O-O 7. Bd3 b6 8. O-O
Bb7 9. Qc2 c5 10. cxd5 exd5 11. Ne5 Nxe5 12. dxe5 Ne4 13. Bxe4 dxe4 14. Rfd1 Qe8
15. Bf4 Rd8 16. Rxd8 Bxd8 17. Rd1 Bc7 0-1

[Event "8th HD Bank Cup 2018"]
[Site "Hanoi VIE"]
[Date "2018.03.10"]
[Round "2.61"]
[White "Snehal, Bhosale"]
[Black "Nitish, Belurkar"]
[Result "1/2-1/2"]
[BlackTitle "FM"]
[WhiteElo "2105"]
[BlackElo "2293"]
[WhiteFideId "5021995"]
[BlackFideId "5084768"]
[EventDate "2018.03.10"]

1. d4 d6 2. e4 Nf6 3. Nc3 e5 4. dxe5 dxe5 5. Qxd8+ Kxd8 6. Bg5 Be6 7. O-O-O+ Nd7
8. Nf3 h6 9. Bh4 Bd6 10. Bd3 a6 11. Rhe1 Re8 12. Nd2 b5 13. Nf1 Kc8 14. Ne3 Kb7
15. Ncd5 Bxd5 16. exd5 e4 17. Be2 Bf4 18. Bg3 Bxg3 19. fxg3 Re5 20. Rf1 Nb6 21.
d6 cxd6 22. Rxd6 Nc8 23. Rd4 Ne7 24. a4 Rc8 25. axb5 axb5 26. Kb1 Rcc5 27. c4
Nf5 28. Nxf5 Rxf5 29. cxb5 Rxf1+ 30. Bxf1 1/2-1/2

[Event "8th HD Bank Cup 2018"]
[Site "Hanoi VIE"]
[Date "2018.03.10"]
[Round "2.62"]
[White "Priyanka, K"]
[Black "Lee, Jun Hyeok"]
[Result "1/2-1/2"]
[BlackTitle "FM"]
[WhiteElo "2087"]
[BlackElo "2286"]
[WhiteFideId "5082986"]
[BlackFideId "13202340"]
[EventDate "2018.03.10"]

1. e4 c5 2. Nf3 Nc6 3. d4 cxd4 4. Nxd4 g6 5. Nc3 Bg7 6. Be3 Nf6 7. Bc4 O-O 8.
Bb3 Qc7 9. O-O d6 10. h3 Bd7 11. Re1 Na5 12. Qd3 a6 13. Nd5 Nxd5 14. exd5 Nxb3
15. axb3 e5 16. dxe6 fxe6 17. Rad1 Rae8 18. c3 d5 19. Nc2 Rf7 20. Qd2 a5 21. b4
a4 22. Bh6 Bh8 23. Ne3 a3 24. Rc1 axb2 25. Qxb2 Rc8 26. Nd1 Qd8 27. Qd2 Qh4 28.
Bg5 Qc4 1/2-1/2

[Event "8th HD Bank Cup 2018"]
[Site "Hanoi VIE"]
[Date "2018.03.10"]
[Round "2.63"]
[White "Kulkarni, Bhakti"]
[Black "Song, Yuxin"]
[Result "1-0"]
[WhiteTitle "CM"]
[BlackTitle "WCM"]
[WhiteElo "2275"]
[BlackElo "2067"]
[WhiteFideId "5019516"]
[BlackFideId "8614300"]
[EventDate "2018.03.10"]

1. d4 Nf6 2. c4 e6 3. Nc3 Bb4 4. e3 O-O 5. Ne2 d5 6. a3 Be7 7. Nf4 b6 8. cxd5
exd5 9. Qc2 c5 10. Bd3 Nc6 11. dxc5 bxc5 12. O-O Be6 13. Rd1 g6 14. Bc4 Bf5 15.
Qa4 Bd7 16. Bb5 Ne5 17. Nfxd5 Bxb5 18. Qxb5 Nxd5 19. Nxd5 Bd6 20. f4 Ng4 21. h3
Nh6 22. e4 Qh4 23. Be3 Rfd8 24. Bf2 Rdb8 25. Qxb8+ Rxb8 26. Bxh4 Kg7 27. Bf6+
Kg8 28. Bc3 Kf8 29. Nf6 Rd8 30. Ba5 Rc8 31. Rxd6 Ke7 32. e5 Nf5 33. Rd7+ Ke6 34.
g4 Nd4 35. Rd8 Nf3+ 36. Kf2 Nxe5 37. fxe5 Kxe5 1-0

[Event "8th HD Bank Cup 2018"]
[Site "Hanoi VIE"]
[Date "2018.03.10"]
[Round "2.64"]
[White "Thipsay, Bagyashree Sathe"]
[Black "Andyka, Pitra"]
[Result "1-0"]
[WhiteTitle "WIM"]
[BlackTitle "FM"]
[WhiteElo "2000"]
[BlackElo "2265"]
[WhiteFideId "5001013"]
[BlackFideId "7103255"]
[EventDate "2018.03.10"]

1. e4 c5 2. Nf3 e6 3. d4 cxd4 4. Nxd4 a6 5. Nc3 Qc7 6. Bd3 Bc5 7. Nb3 Be7 8. f4
d6 9. Qe2 Nd7 10. Bd2 Ngf6 11. O-O b5 12. Rae1 b4 13. Nd1 Bb7 14. c4 Rd8 15. Nf2
a5 16. Nd4 O-O 17. b3 Nc5 18. Bb1 Rfe8 19. Qf3 Bf8 20. Qh3 e5 21. Nb5 Qb6 22.
Be3 exf4 23. Bd4 Be7 24. Nd3 Bc8 25. Qf3 Qb7 26. Nxf4 Ne6 27. Bb2 Ng5 28. Qg3 1-0